000 01279nam a2200229Ia 4500
999 _c37989
_d37989
001 3973
003 GE_BSU
005 20190902170743.0
008 181216s1967||||ge |||||||||||||| ||geo||
040 _cGE_BSU
041 _ageo
080 _a33(479.22)(091) უ–90
100 _aუჩანეიშვილი, დოროთე
_93869
245 _aდოკუმენტები საქართველოს ეკონომიური ისტორიისათვის :
_bXVII-XIX სს. /
_cრედ. მ. დუმბაძე; ივ. ჯავახიშვილის სახ. ისტორიის, არქეოლ. და ეთნოგრაფიის ინ-ტი.
264 _a თბ. :
_bმეცნიერება,
_c1967.
300 _a236 გვ. ;
_b22 სმ.
653 _aქართული ხელნაწერები
653 _aსაქართველოს ეკონომიკის ისტორია
700 _aდუმბაძე, მ.
_eრედაქტორი
_91562
710 _aივ. ჯავახიშვილის სახ. ისტორიის, არქეოლ. და ეთნოგრაფიის ინ-ტი.
_93870
942 _cBK
_2udc